عرض عادي
عرض مارك
- Mano, M. Morris,
مدخل إسم شخص
001 - رقم الضبط
- حقل الضبط: 36619
003 - معرف رقم الضبط
- حقل الضبط: OSt
005 - تاريخ ووقت أخر عملية
- حقل الضبط: 20130819014007.0
008 - عناصر بيانات ثابتة الطول
- حقل تحكم ثابت الطول: 130819|||a|||||| | ||| d
040 ## - مصدر الفهرسة
- هيئة الفهرسة الأصلية: OSt
- وكالة الكتابة: OSt
100 ## - مدخل -- أسم شخص
- إسم شخص: Mano, M. Morris,
- تواريخ مرتبطة بالاسم: 1927-
670 ## - بيانات المصدر موجوده
- الاستشهاد بالمصدر: Work cat.: (OSt)30456: Mano, M. Morris, 1927-, Logic and computer design fundamentals /, c2008.
